000 00668nam a2200217 u 4500
005 20240831063716.0
008 080613s2006 r 000 0 eng d
020 _a8420551716 (10 dígitos)
020 _a9788420551715 (13 dígitos)
035 _aUPN01000156858
049 _aI
050 4 _aPZ74.9
_bL6.8
100 1 _aLópez Soria, Marisa,
_d1956-
_933093
245 1 0 _aViernes para Violeta /
_cMarisa López Soria ; il. Carmen Queralt.
260 _aMadrid :
_bPearson Educación,
_c2006.
300 _a46 p. :
_bil. col.
440 0 _aA partir de 6 años ;
_v42
650 4 _aCuentos infantiles españoles
_97725
905 _aInfantil
999 _c128972
_d128972